000 00402nam a2200145Ia 4500
008 090122s9999 xx 000 0 und d
082 _b7070
_a627.8
100 _aरॉय
_bअरुंधती
245 _aबहुजन हिताय
600 _aरॉय
630 _aबहुजन हिताय
700 _aरॉय
730 _aबहुजन हिताय
942 _cBOOK
999 _c31147
_d31147